00486 a2200157 450000100060000008200180000609000170002410000150004124500600005625000060011626000490012230000100017194200280018199900190020995201000022864352 a510.28553 WOL c37987d37987 aWolfram S aMathematicabA system for doing mathematics by computer a2 aReading MassachusettsbAddison-Wesleyc1991 a961 p aNUST-CAEk510.28553 WOL c299425d299425 001040708NFICaCAEbCAEd2017-04-03l0o510.28553 WOLpCAEG-5276r2017-04-05w2017-04-05yBK